000 01019nam a2200289 c 4500
001 10145
003 ES-MaCES
005 20141221122043.0
008 000126s1999 lu o t o000 | eng d
020 _a9282864766
035 _aCES20000001360m
040 _aES-MaCES
_bspa
_cES-MaCES
110 2 _aComisión de las Comunidades Europeas
_bJoint Research Centre
_92092
245 1 0 _aAnnual report 98
_cJRC, Joint Research Centre mission
260 _aLuxembourg
_bOffice for Official Publications of the European Communities
_c1999
300 _a54 p.
_bfot. col.
_c30 cm
541 _cGratuito
610 2 4 _aComisión de las Comunidades Europeas
_bJoint Research Centre
_92092
650 4 _a1998
_931169
650 4 _amemoria anual
_928977
650 4 _ainforme de actividades
_928984
653 1 0 _aInstituciones comunitarias
787 0 _tAnnual report 1999 / JRC, Joint Research Centre
_w(ES-MaCES)10966
902 _aLIB Libro
942 _2CES
_cBK
_h6.4.
999 _c10145
_d10145